LEADER 01166nam 22003613 450 001 9910586632803321 005 20220816080249.0 010 $a9783031071751$b(electronic bk.) 010 $z9783031071744 035 $a(MiAaPQ)EBC7073225 035 $a(Au-PeEL)EBL7073225 035 $a(CKB)24429430300041 035 $a(PPN)26419697X 035 $a(EXLCZ)9924429430300041 100 $a20220816d2022 uy 0 101 0 $aeng 135 $aurcnu|||||||| 181 $ctxt$2rdacontent 182 $cc$2rdamedia 183 $acr$2rdacarrier 200 10$aUltra-High Temperature Materials IV $eRefractory Carbides III (W Carbides) 210 1$aCham :$cSpringer International Publishing AG,$d2022. 210 4$d©2022. 215 $a1 online resource (942 pages) 311 08$aPrint version: Shabalin, Igor L. Ultra-High Temperature Materials IV Cham : Springer International Publishing AG,c2022 9783031071744 676 $a620.11217 700 $aShabalin$b Igor L$0770193 801 0$bMiAaPQ 801 1$bMiAaPQ 801 2$bMiAaPQ 912 $a9910586632803321 996 $aUltra-High Temperature Materials IV$92905921 997 $aUNINA LEADER 01045nam a22002531i 4500 001 991004202629707536 005 20020826130528.0 008 020826s1962 it a||||||||||||||||ita 035 $ab1193833x-39ule_inst 035 $aARCHE-002815$9ExL 040 $aDip.to Filologia Ling. e Lett.$bita$cA.t.i. Arché s.c.r.l. Pandora Sicilia s.r.l. 082 04$a016.8512 100 1 $aBruni, Roberto L.$0157732 245 10$aAntonio Cornazzano :$bla tradizione testuale /$cRoberto L. Bruni, Diego Zancani 260 $aFirenze :$bL. S. Olschki,$c1962 300 $a231 p. :$bill. ;$c31 cm 600 14$aCornazzano, Antonio$xOpere$xEdizioni$ySec. 15.-16. 700 1 $aZancani, Diego$eauthor$4http://id.loc.gov/vocabulary/relators/aut$0188173 907 $a.b1193833x$b02-04-14$c01-04-03 912 $a991004202629707536 945 $aLE008 LLI IV A 20$g1$i2008000270056$lle008$o-$pE0.00$q-$rl$s- $t0$u0$v0$w0$x0$y.i12212398$z01-04-03 996 $aAntonio Cornazzano$9568522 997 $aUNISALENTO 998 $ale008$b01-04-03$cm$da $e-$fita$git $h0$i1